| 000 | 00531nam a22002057a 4500 | ||
|---|---|---|---|
| 003 | OSt | ||
| 005 | 20140310183127.0 | ||
| 008 | 130529t xxu||||| |||| 00| 0 eng d | ||
| 020 | _a9715694179 | ||
| 050 |
_aDS 686.4 _b.D278 2001 |
||
| 082 |
_aFIL 959.9035 _bD491 2001 |
||
| 245 |
_aThe Zero Hour _cDe Vera, Ruel S. |
||
| 260 |
_aMakati City, Philippines _bThe Bookmark Inc. _cc2001 |
||
| 300 | _a284 p. | ||
| 521 | _acollege students | ||
| 526 | _c1210L-1700L | ||
| 541 | _j1 | ||
| 562 | _e1 | ||
| 942 |
_2lcc _cBK _kFIL |
||
| 999 |
_c19051 _d19051 |
||